| 000 | 00520nmm a2200181Ia 4500 | ||
|---|---|---|---|
| 008 | 251105s9999||||xx |||||||||||||||||und|| | ||
| 020 | _a9788412462470 | ||
| 041 | _aspa | ||
| 100 | _aMarga Ferrero | ||
| 245 | 0 | _aLa estación | |
| 264 |
_a[Madrid, España] : _bEdiciones Arcanas, _c[Fecha de publicación no identificada] |
||
| 300 | _a0 páginas | ||
| 650 | _aArts in general | ||
| 700 | _aMarga Ferrero | ||
| 700 | 1 | _a José M. Donoso | |
| 856 | _uhttps://public.digitaliapublishing.com/a/123873 | ||
| 942 | _cCF | ||
| 999 |
_c68301 _d68301 |
||